00846nam a2200265 a 450000100060000000300080000600500170001400800410003103500190007204000320009104100080012304300120013108200300014310000400017324500440021325000130025725000230027026000630029330000200035650000690037665000200044565000450046565000340051065100360054426897BD-RjUL20211209051101.0181015r19451876ii 000 0 eng d a(BD-RjUL)26968 aDLCcDLCdEQOdBD-RjULbeng aeng aa-ii--- 223a954.0088297bHUI 19451 aHunter, William Wilson,d1840-1900.14aThe Indian Musalmans /cby W. W. Hunter a3rd ed.  aIndian Reprint ed. aCalcutta :bThe Comrade Publishers,c1876 [Reprinted 1945] a208 p. ;c22 cm a"Reprinted from the Third Edition" "3rd ed. published in 1876" 0aMuslimszIndia. 0aBritish Occupation of India (1765-1947)  0aMuslims xPolitical activity  aIndia xPolitics and government